Cold War Trivia AQA - Statistics

General Stats
  • This quiz has been taken 196 times
  • The average score is 11 of 20
Answer Stats
Hint Answer % Correct
Where is the Bay of Pigs Cuba
84%
Gave out the 'iron curtain' speech Winston Churchill
83%
Who said "Ich bin ein Berliner" John Kennedy
72%
Where did Stalin launch a blockade in 1948 Berlin
71%
What M stands for in ICBM Missle
71%
Year of the Hungarian Uprising 1956
69%
Year that the Vietnam war ended 1975
69%
Country that the USSR invaded, cancelling SALT II Afghanistan
69%
Leader of North Korea during the Korean War Kim il sung
65%
Where the USA had to remove missiles from for missiles to be removed from Cuba Turkey/Italy
65%
US senator who falsely accused many people of being communists Joseph McCarthy
54%
Soviet leader during the Prague Spring Leonid Brezhnev
51%
Conference that agreed that Berlin would be split into 4 occupied zones Potsdam
51%
First man in space Yuri Gagarin
49%
Cuban leader before Fidel Castro Fulgencio Batista
41%
Plane that Gary Powers flew in U2 Spy plane
32%
Who wrote a LONG telegram George Kennan
30%
Hungarian leader who tried to leave the Warsaw Pact Imre Nagy
23%
Shortening of the 'Council for Mutual Economic Assistance' Comecon
21%
Name for the treaty between Communist China and the USSR Treaty of Friendship
15%
No matching quizzes found
Score Distribution
Percent of People with Each Score
Percentile by Number Answered
Your Score History
You have not taken this quiz